000 00369 a2200169 4500
001 188396
020 _a978-85-7153-219-9
040 _cMagnum
100 _aOliveira, Marcelo Ribeiro Leite de
240 1 0 _aCertos nomes
_lpor
245 1 0 _aCertos nomes
300 _a36
362 0 _a2008
440 1 _aRHJ
697 _aLITERATURA INFANTO-JUVENIL
942 _cBK
999 _c188396
_d188396